00977 2200325 4500001002100000005001500021035002000036007000300056008004100059020002200100100003000122245012200152250003400274300002500308700002600333264003200359336002100391337003000412338002300442040002200465082001600487084001800503090002200521500001100543650002100554650002000575850001200595999002200607990002200629INLIS00000000087995920230713100539 a0010-0723000330ta230713s2023 yoi g 1 ind d a978-623-293-773-40 aEdi Ah IyubenuePengarang10aTerapi penyembuhan diri :bdari khazanah al-Qur'an dan sunnah Rasulullah Saw /cEdi Ah Iyubenu; penyunting, Rusdianto aCetakan pertama: Januari 2023 a379 halaman ;c20 cm0 aRusdiantoePenyunting31aBantul :bDiva Press,c2023 2rdacontentateks 2rdamediaatanpa perantara 2rdacarrieravolume aYOPDYOGbinderda04223a297.261 a297.261 EDI t aCB-D.11 2023-1251 aIndeks 4aMotivasi (Islam) 4aPsikologi agama aYOPDYOG aCB-D.11/2023-1251 aCB-D.11/2023-1251